| 000 | 00891nam a2200241Ia 4500 | ||
|---|---|---|---|
| 005 | 20230713105914.0 | ||
| 008 | 210716s2009 xx 000 0 und d | ||
| 020 | _a9780074637425 | ||
| 040 | _cAIMIT LIBRARY | ||
| 041 | _aeng | ||
| 082 |
_a004.694 _21 _bMIND |
||
| 100 |
_aMinoli, Daniel. _9126613 |
||
| 245 |
_aWeb commerce technilogy handbook / _cBy Daniel Minoli and Emma Minoli. |
||
| 250 |
_a1st ed. _b17th reprint |
||
| 260 |
_aNew Delhi : _bTata McGraw Hill Publishing Company Ltd , _c2009. |
||
| 300 |
_axviii,621p. ; _bPB _c24 cm. |
||
| 650 |
_aElectronic commerce environment and opportunities _9126614 |
||
| 650 |
_aApproaches to safe electronic commerce _9126615 |
||
| 650 |
_aElectronic cash and electronic payment schemes _9126616 |
||
| 650 |
_aInternet and web site establishment _9126617 |
||
| 700 |
_aMinoli, Emma. _9126618 |
||
| 942 |
_2ddc _cBK _e1st ed. _k004.694 MIND |
||
| 999 |
_c190748 _d190748 |
||